[Event "R1 Luchon-Libre échiquier Muret"]
[Site "CDMuret"]
[Date "2005.04.02"]
[Round "7.1"]
[White "Moreau, Philippe"]
[Black "Monteils, Fernand"]
[Result "1-0"]
[WhiteElo "1740"]
[BlackElo "1670"]
[EventDate "2005.??.??"]
[PlyCount "113"]

1.e4 e5 2.Nf3 Nc6 3.Bb5 d6 4.d4 Bd7 5.d5 Nce7 6.Bxd7+ Qxd7 7.O-O f5 8.Ng5 
Nf6 9.f3 h6 10.Ne6 f4 11.c4 c5 12.Bd2 Kf7 13.Nc3 Ng6 14.Be1 Be7 15.Nb5 a6 
16.Nbc7 Rab8 17.Qb3 Ne8 18.Ba5 Nf8 19.Qb6 Nxc7 20.Qxc7 Qxc7 21.Bxc7 Rc8 
22.Nxf8 Rhxf8 23.Ba5 g5 24.b3 Bd8 25.Bd2 Kg6 26.g3 fxg3 27.hxg3 a5 28.Kg2 
b6 29.Rh1 Rc7 30.Rh3 h5 31.Rah1 Rh7 32.Rf1 Rhf7 33.Rhh1 Be7 34.a3 Bd8 35.
b4 axb4 36.axb4 Bc7 37.Rf2 Ra8 38.bxc5 bxc5 39.f4 gxf4 40.gxf4 exf4 41.
Rxf4 Rxf4 42.Bxf4 Ra2+ 43.Kf3 Rc2 44.Rg1+ Kf7 45.Rg5 Rc3+ 46.Kf2 Rxc4 47.
Rxh5 Kg6 48.Rh6+ Kg7 49.Re6 Kf7 50.Ke3 Rb4 51.Bxd6 Rb3+ 52.Kd2 Bxd6 53.
Rxd6 Ke7 54.Rc6 Rb4 55.Ke3 Rb5 56.e5 c4 57.Kd4 1-0

[Event "R1 Ste Foy-EVT1"]
[Site "EVT"]
[Date "2005.04.03"]
[Round "7"]
[White "taieb, Marcel"]
[Black "Trier, Marc"]
[Result "1/2-1/2"]
[WhiteElo "1700"]
[BlackElo "1520"]
[EventDate "2005.??.??"]
[PlyCount "38"]

1.d4 Nf6 2.c4 g6 3.Nc3 Bg7 4.Bg5 d6 5.e3 O-O 6.Bd3 Nc6 7.a3 a5 8.Qc2 e6 9.
Nf3 b6 10.h4 Ne7 11.Bxf6 Bxf6 12.h5 Bb7 13.hxg6 hxg6 14.Be4 d5 15.cxd5 
exd5 16.Bd3 Kg7 17.g4 Rh8 18.O-O-O Rxh1 19.Rxh1 Ng8 1/2-1/2

[Event "R1 Ste Foy-EVT1"]
[Site "EVT"]
[Date "2005.04.03"]
[Round "7"]
[White "Selam, Hervé"]
[Black "Chevauché, Alain"]
[Result "0-1"]
[WhiteElo "1490"]
[BlackElo "1730"]
[EventDate "2005.??.??"]
[PlyCount "60"]

1.b4 e5 2.Bb2 Bxb4 3.Bxe5 Nf6 4.a3 Be7 5.Bb2 b6 6.e3 Bb7 7.Nf3 d6 8.d4 
Nbd7 9.Bd3 O-O 10.Nbd2 Re8 11.O-O d5 12.c4 c5 13.cxd5 cxd4 14.e4 Bc5 15.
Nxd4 Ne5 16.Bb5 Re7 17.f4 Ng6 18.Qc2 Nxe4 19.Nxe4 Qxd5 20.Nxc5 bxc5 21.Bc4
Qe4 22.Bd3 Qe3+ 23.Kh1 cxd4 24.Bc1 Qe1 25.Bd2 Qh4 26.Bb4 Re3 27.Rae1 Rh3 
28.Kg1 Rxh2 29.g3 Rh1+ 30.Kf2 Qh2# 0-1

[Event "R1 Ste Foy-EVT1"]
[Site "EVT"]
[Date "2005.04.03"]
[Round "7"]
[White "Lacresse, Régis"]
[Black "Cesbron, Guy"]
[Result "1-0"]
[WhiteElo "1840"]
[BlackElo "2133"]
[EventDate "2005.??.??"]
[PlyCount "69"]

1.e4 c5 2.f4 Nc6 3.c3 d5 4.e5 d4 5.Bc4 e6 6.Nf3 Nge7 7.O-O Nf5 8.g4 Nh4 9.
d3 Bd7 10.a4 h5 11.h3 hxg4 12.hxg4 Na5 13.Bb5 Nc6 14.Nbd2 Be7 15.Bc4 Qc7 
16.cxd4 cxd4 17.Rf2 O-O-O 18.Rh2 Nxf3+ 19.Nxf3 Rxh2 20.Kxh2 g5 21.Kg3 Kb8 
22.Bd2 f6 23.Qe2 gxf4+ 24.Bxf4 f5 25.gxf5 Rg8+ 26.Kf2 Rg4 27.Bh2 Be8 28.f6
Bf8 29.Bxe6 Rg6 30.Rg1 Rxg1 31.Kxg1 Nd8 32.Bc4 Bh6 33.e6 Bf4 34.Bxf4 Qxf4 
35.Qe5+ 1-0

[Event "R1 Ste Foy-EVT1"]
[Site "EVT"]
[Date "2005.04.03"]
[Round "7"]
[White "Couret, Henri"]
[Black "Lamata, Fabrice"]
[Result "1/2-1/2"]
[WhiteElo "1510"]
[BlackElo "1470"]
[EventDate "2005.??.??"]
[PlyCount "62"]

1.b4 e5 2.Bb2 f6 3.b5 c6 4.c4 Bc5 5.Nf3 e4 6.Nd4 Bxd4 7.Bxd4 d5 8.e3 Ne7 
9.Be2 Be6 10.Qb3 b6 11.O-O O-O 12.d3 Nd7 13.Nd2 c5 14.Bb2 Ne5 15.d4 cxd4 
16.exd4 N5g6 17.f3 Nf4 18.Rfe1 Nxe2+ 19.Rxe2 f5 20.c5 bxc5 21.dxc5 Rb8 22.
a4 Qc8 23.Qc2 Rf7 24.Nb3 Qf8 25.Nd4 Bc8 26.c6 Ng6 27.c7 Rb7 28.a5 Rbxc7 
29.Nc6 Bb7 30.a6 Bxc6 31.bxc6 Ne7 1/2-1/2

[Event "R1 Ste Foy-EVT1"]
[Site "EVT"]
[Date "2005.04.03"]
[Round "7"]
[White "Alonso, Jésus"]
[Black "Boulogne, Laurent"]
[Result "1-0"]
[WhiteElo "1830"]
[BlackElo "1820"]
[EventDate "2005.??.??"]
[PlyCount "69"]

1.e4 c5 2.Nf3 e6 3.d4 cxd4 4.Nxd4 Nc6 5.Nxc6 bxc6 6.Bd3 d5 7.O-O Nf6 8.e5 
Nd7 9.f4 Bc5+ 10.Kh1 O-O 11.Qh5 f5 12.Nc3 g6 13.Qe2 Rf7 14.a3 a5 15.Na4 
Bf8 16.c4 Ba6 17.cxd5 Bxd3 18.Qxd3 cxd5 19.Be3 Qb8 20.Rac1 Qb7 21.Rc2 g5 
22.Rfc1 gxf4 23.Bxf4 Bg7 24.Qg3 Kh8 25.Qc3 Ra6 26.Nc5 Nxc5 27.Qxc5 Bf8 28.
Qd4 Rb6 29.Bg5 Kg8 30.Bf6 h6 31.h4 Kh7 32.h5 Bg7 33.Qc3 Rb5 34.Qg3 Kg8 35.
Rc8+ 1-0

[Event "R1 Ste Foy-EVT1"]
[Site "EVT"]
[Date "2005.04.03"]
[Round "7"]
[White "Ajdari, Emmanuel"]
[Black "Saubiette, Cyrille"]
[Result "0-1"]
[WhiteElo "1670"]
[BlackElo "1730"]
[EventDate "2005.??.??"]
[PlyCount "72"]

1.e4 e5 2.Nf3 Nf6 3.Nxe5 d6 4.Nf3 Nxe4 5.d3 Nf6 6.d4 Be7 7.Bd3 O-O 8.O-O 
Bg4 9.Be3 Nbd7 10.Nbd2 d5 11.c3 Re8 12.Qc2 Bh5 13.Rfe1 c6 14.Bf4 Bg6 15.
Bxg6 hxg6 16.h3 Nf8 17.Ne5 Nh5 18.Bh2 Bd6 19.Ndf3 Qc7 20.Re3 Re7 21.Rae1 
Rae8 22.b4 b5 23.Qd3 Ne6 24.g3 Nf8 25.Qc2 Nf6 26.Qd3 Ne4 27.Kg2 f6 28.Ng4 
Nd7 29.Bg1 f5 30.Ngh2 f4 31.gxf4 Bxf4 32.R3e2 Ndf6 33.Nh4 Nh5 34.Nxg6 Re6 
35.f3 Rxg6+ 36.Kh1 Nhg3+ 0-1

[Event "R1 Montauban2-Millau"]
[Site "Albi"]
[Date "2005.04.03"]
[Round "7"]
[White "Palos, Jean Luc"]
[Black "Croux, Laurent"]
[Result "0-1"]
[WhiteElo "1550"]
[BlackElo "1760"]
[EventDate "2005.??.??"]
[PlyCount "78"]

1.d4 Nf6 2.c4 g6 3.Nc3 Bg7 4.e4 d6 5.h3 Nc6 6.Nf3 O-O 7.Be2 e5 8.d5 Ne7 9.
O-O Nd7 10.b4 f5 11.Ng5 Nf6 12.Qc2 h6 13.Ne6 Bxe6 14.dxe6 Qc8 15.exf5 gxf5
16.Nd5 Nfxd5 17.cxd5 Nxd5 18.Rb1 Qxe6 19.Bc4 c6 20.Qb3 b5 21.Bxd5 Qxd5 22.
Qxd5+ cxd5 23.Rd1 d4 24.Rd3 e4 25.Rd2 Rac8 26.Bb2 Rc4 27.a3 d3 28.f3 Bc3 
29.Bxc3 Rxc3 30.Ra1 e3 31.Rdd1 d2 32.Kf1 Re8 33.Ke2 d5 34.a4 d4 35.f4 d3+ 
36.Kf3 bxa4 37.Rxa4 e2 38.Rxd2 e1=Q 39.Raa2 Qe3# 0-1

[Event "R1 Montauban2-Millau"]
[Site "Albi"]
[Date "2005.04.03"]
[Round "7"]
[White "Derbichen, Moussa"]
[Black "Calvignac, Maurice"]
[Result "0-1"]
[WhiteElo "1499"]
[BlackElo "1630"]
[EventDate "2005.??.??"]
[PlyCount "74"]

1.e3 e5 2.c3 g6 3.Nf3 Bg7 4.Na3 Nc6 5.h4 Nf6 6.Qb3 O-O 7.d3 d6 8.e4 h6 9.
Bd2 b6 10.O-O-O Bb7 11.Kb1 Rb8 12.Be2 Ne7 13.Rc1 Nh5 14.g3 d5 15.exd5 Bxd5
16.Qd1 Bxf3 17.Bxf3 Qxd3+ 18.Rc2 Nf6 19.Be2 Qd7 20.Qc1 Kh7 21.f3 Rh8 22.g4
Nfd5 23.Rd1 Qe6 24.c4 Nf6 25.g5 hxg5 26.hxg5 Nh5 27.Nb5 c6 28.Na3 Nf5 29.
f4 Nfg3 30.Bxh5 Nxh5 31.fxe5 Qxe5 32.Bc3 Qf4 33.Bd2 Qf5 34.Rf1 Qd7 35.Rh1 
Rbd8 36.Be3 Qd3 37.Qe1 Rhe8 0-1

[Event "R1 Montauban2-Millau"]
[Site "Albi"]
[Date "2005.04.03"]
[Round "7"]
[White "Chorazy, Andre"]
[Black "Foussat, Frederic"]
[Result "1-0"]
[WhiteElo "1740"]
[BlackElo "1440"]
[EventDate "2005.??.??"]
[PlyCount "64"]

1.b4 e5 2.Bb2 Bxb4 3.Bxe5 Nf6 4.Nf3 O-O 5.c3 Ba5 6.Qc2 d5 7.Ng5 g6 8.e3 c5
9.d4 Re8 10.Nd2 Nc6 11.Bb5 Nxe5 12.Bxe8 Nxe8 13.Ngf3 Bf5 14.e4 Nxf3+ 15.
gxf3 dxe4 16.fxe4 Bh3 17.Qd3 Qd7 18.d5 Nf6 19.O-O-O b5 20.Qf3 Kg7 21.Rde1 
Bg4 22.Qe3 Bb6 23.Nb3 c4 24.Nd4 a5 25.f3 Bxd4 26.Qxd4 Bxf3 27.Rhf1 Qg4 28.
Re3 Rd8 29.Rexf3 Qg5+ 30.Kb1 Rd6 31.e5 Rxd5 32.exf6+ Kf8 1-0

[Event "R1 Montauban2-Millau"]
[Site "Albi"]
[Date "2005.04.03"]
[Round "7"]
[White "Arigault, Thomas"]
[Black "Hazak, Marcel"]
[Result "0-1"]
[WhiteElo "1230"]
[BlackElo "1300"]
[EventDate "2005.??.??"]
[PlyCount "72"]

1.d4 g6 2.c4 Bg7 3.e3 c6 4.Nc3 d6 5.Be2 Nf6 6.b3 O-O 7.Nh3 Bxh3 8.gxh3 
Nbd7 9.O-O h5 10.Bb2 Nh7 11.d5 Ndf6 12.Rb1 Qd7 13.Kg2 Ng5 14.Kg1 Nxh3+ 15.
Kg2 Ng5 16.Kh1 Nfe4 17.Nxe4 Nxe4 18.Qd3 Nc5 19.Qc2 e5 20.e4 Qc8 21.f3 f5 
22.exf5 Rxf5 23.b4 Nd7 24.Bd3 Nf6 25.Bxf5 gxf5 26.Rg1 cxd5 27.c5 Kh7 28.
Qg2 Qd7 29.Qg6+ Kh8 30.f4 Rg8 31.Qg3 Bh6 32.Qh4 Qe7 33.cxd6 Qxd6 34.fxe5 
Qc6 35.exf6 d4+ 36.Rg2 Qxg2# 0-1

[Event "R1 Montauban2-Millau"]
[Site "Albi"]
[Date "2005.04.03"]
[Round "7"]
[White "Andral, Olivier"]
[Black "Delachoux, Didier"]
[Result "1-0"]
[WhiteElo "1499"]
[BlackElo "1270"]
[EventDate "2005.??.??"]
[PlyCount "83"]

1.d4 d5 2.e3 c6 3.Nc3 Bf5 4.Bd3 Bxd3 5.Qxd3 Nf6 6.f3 e6 7.Bd2 Be7 8.O-O-O 
Nbd7 9.Nh3 h6 10.Nf2 e5 11.dxe5 Nxe5 12.Qe2 O-O 13.g4 Nc4 14.Be1 Re8 15.
Rd4 Bc5 16.Rd3 Nxe3 17.Bd2 Nc4 18.Qd1 Nxd2 19.Qxd2 Re6 20.Nfd1 Qb6 21.h3 
Rae8 22.g5 hxg5 23.Qxg5 d4 24.Rg1 g6 25.Na4 Nh7 26.Qh6 Bf8 27.Qh4 Qd8 28.
Qf2 Bg7 29.f4 f5 30.Nc5 Re2 31.Qf3 Qc7 32.Rxg6 Nf8 33.Rg5 Qc8 34.Qg3 R2e7 
35.h4 Nh7 36.Rg6 Kh8 37.h5 Rg8 38.Qh4 Qf8 39.Ne6 Rxe6 40.Rxe6 Bf6 41.Qe1 
Rg7 42.Re8 1-0

[Event "R1 Gambit Muret-Ramonville"]
[Site "Ramonville"]
[Date "2005.04.03"]
[Round "7.6"]
[White "Blond, Jeremy"]
[Black "Heude, Jean-Noël"]
[Result "1-0"]
[WhiteElo "1199"]
[BlackElo "1370"]
[EventDate "2005.??.??"]
[PlyCount "51"]

1.e4 e5 2.g3 Nf6 3.Bg2 Nc6 4.d3 b6 5.Nc3 Bb7 6.Nge2 Be7 7.Be3 O-O 8.Nd5 
Nxd5 9.exd5 Nb4 10.c4 c6 11.a3 Na6 12.dxc6 Bxc6 13.Bxc6 dxc6 14.b4 c5 15.
b5 Nc7 16.Nc3 Qd7 17.Qe2 Rad8 18.Rd1 Qf5 19.O-O Rd7 20.Rd2 Rfd8 21.Rfd1 
Ne8 22.f4 exf4 23.Bxf4 Bd6 24.Bxd6 Rxd6 25.Nd5 Nf6 26.Ne7+ 1-0

[Event "R1 Gambit Muret-Ramonville"]
[Site "Ramonville"]
[Date "2005.04.03"]
[Round "7.5"]
[White "Callejon, Bernard"]
[Black "Jarlaud, Levi"]
[Result "1-0"]
[WhiteElo "1530"]
[BlackElo "1199"]
[EventDate "2005.??.??"]
[PlyCount "104"]

1.d4 Nf6 2.c4 g6 3.Nc3 Bg7 4.Nf3 O-O 5.e3 d6 6.Bd3 c5 7.d5 e6 8.O-O exd5 
9.cxd5 Re8 10.Re1 Nbd7 11.e4 Ne5 12.Nxe5 Rxe5 13.Bf4 Re7 14.h3 h6 15.Qd2 
Kh7 16.Nb5 Ne8 17.Bh2 a6 18.Nc3 Be5 19.f4 Bd4+ 20.Kh1 Qa5 21.Qc2 b5 22.Ne2
Bg7 23.Ng3 c4 24.Bf1 Nf6 25.Qd1 Nd7 26.Qc2 f5 27.Bg1 fxe4 28.Nxe4 Nf6 29.
Ng5+ hxg5 30.Rxe7 Bf5 31.Qc3 Qxc3 32.bxc3 Nxd5 33.Rb7 Nxf4 34.Bd4 Rg8 35.
Re1 Kh6 36.Bxg7+ Rxg7 37.Rxg7 Kxg7 38.Re7+ Kf8 39.Ra7 Be4 40.Rxa6 Nxh3 41.
Rxd6 g4 42.Kh2 Ng5 43.Rb6 Bd3 44.Bxd3 cxd3 45.Rd6 d2 46.Rxd2 Ne4 47.Rc2 g5
48.c4 bxc4 49.Rxc4 Nf2 50.a4 Kg7 51.Kg3 Nd3 52.a5 Kf6 1-0

[Event "R1 Gambit Muret-Ramonville"]
[Site "Ramonville"]
[Date "2005.04.03"]
[Round "7.4"]
[White "Bouet, Jean-Yves"]
[Black "Spanoudakis, Serge"]
[Result "0-1"]
[WhiteElo "1450"]
[BlackElo "1550"]
[EventDate "2005.??.??"]
[PlyCount "24"]

1.e4 Nf6 2.e5 Nd5 3.d4 d6 4.Nf3 Bg4 5.Be2 e6 6.O-O Be7 7.c3 O-O 8.h3 Bh5 
9.Nbd2 Nc6 10.Qc2 dxe5 11.g4 Bg6 12.dxe5 Bxc2 0-1

[Event "R1 Gambit Muret-Ramonville"]
[Site "Ramonville"]
[Date "2005.04.03"]
[Round "7.3"]
[White "Flourac, Jean-Paul"]
[Black "Rizzo, Carlo"]
[Result "1/2-1/2"]
[WhiteElo "1680"]
[BlackElo "1570"]
[EventDate "2005.??.??"]
[PlyCount "62"]

1.d4 Nf6 2.f3 g6 3.e4 d6 4.Bc4 Bg7 5.Nc3 O-O 6.Nge2 Nbd7 7.Be3 c5 8.dxc5 
Nxc5 9.Qd2 a6 10.b4 Ncd7 11.O-O b5 12.Bb3 Bb7 13.a4 bxa4 14.Bxa4 Nb6 15.
Bb3 Rc8 16.Rab1 Nc4 17.Qd3 Nxe3 18.Qxe3 e6 19.Rfd1 d5 20.e5 Nd7 21.f4 Qe7 
22.Ba4 Bc6 23.b5 axb5 24.Bxb5 Bxb5 25.Rxb5 Rb8 26.Rdb1 Rxb5 27.Rxb5 Rb8 
28.Rxb8+ Nxb8 29.Qb6 Nd7 30.Qc7 Qc5+ 31.Qxc5 Nxc5 1/2-1/2

[Event "R1 Gambit Muret-Ramonville"]
[Site "Ramonville"]
[Date "2005.04.03"]
[Round "7.2"]
[White "Mary, Jean-François"]
[Black "Fora, Jean-Paul"]
[Result "1-0"]
[WhiteElo "1580"]
[BlackElo "1680"]
[EventDate "2005.??.??"]
[PlyCount "103"]

1.d4 e6 2.Nf3 f5 3.Bg5 Nf6 4.e3 d5 5.c4 c6 6.Nc3 Bd6 7.Qb3 O-O 8.Bd3 Qe8 
9.Bxf6 Rxf6 10.Ne5 Nd7 11.f4 Rh6 12.O-O-O Nxe5 13.fxe5 Be7 14.Kb1 Qg6 15.
Rdg1 Qg5 16.Nd1 Qg6 17.Qc2 Qf7 18.g3 Kh8 19.g4 Rh4 20.Qf2 Qe8 21.g5 Rg4 
22.Rxg4 fxg4 23.Qh4 g6 24.Qxg4 Bd7 25.h4 Kg7 26.h5 Qg8 27.hxg6 hxg6 28.Rh6
Be8 29.Nf2 Bf7 30.Qh4 Rf8 31.Ng4 Qh8 32.Rxh8 Rxh8 33.Nh6 Bxg5 34.Qxg5 Rxh6
35.Qe7 Rh3 36.Qxb7 Rxe3 37.Kc2 g5 38.Qe7 Rg3 39.Qf6+ Kf8 40.Qf2 Rh3 41.Qg2
Rh4 42.Qxg5 Rxd4 43.cxd5 Rxd5 44.Bg6 Rd7 45.Bxf7 Rxf7 46.Qd8+ Kg7 47.Qd6 
Rf2+ 48.Kc3 Rf3+ 49.Kb4 Rf2 50.Qxe6 Rxb2+ 51.Ka3 Re2 52.Qg4+ 1-0

[Event "R1 Gambit Muret-Ramonville"]
[Site "Ramonville"]
[Date "2005.04.03"]
[Round "7.1"]
[White "Damiano, Hervé"]
[Black "Phan, Van-Chuong"]
[Result "1/2-1/2"]
[WhiteElo "1780"]
[BlackElo "1710"]
[EventDate "2005.??.??"]
[PlyCount "128"]

1.Nf3 g6 2.c4 Bg7 3.d4 d6 4.g3 Nf6 5.Bg2 O-O 6.Nbd2 a5 7.O-O Nbd7 8.b3 e5 
9.e3 c6 10.Bb2 Re8 11.Qc2 e4 12.Ng5 d5 13.Rfc1 h6 14.Nh3 Nh7 15.Nf4 g5 16.
Nh3 Ndf8 17.cxd5 cxd5 18.Qc7 Ne6 19.Qxd8 Rxd8 20.Kh1 Bd7 21.Ba3 Rdc8 22.
Ng1 Bb5 23.Bf1 Bxf1 24.Nxf1 b5 25.Ne2 b4 26.Bb2 Bf8 27.g4 Nf6 28.h3 Bd6 
29.Kg2 h5 30.gxh5 Nxh5 31.Nfg3 Nxg3 32.Nxg3 Bxg3 33.fxg3 f5 34.a3 Kf7 35.
axb4 axb4 36.Rxa8 Rxa8 37.Rf1 Kg6 38.Bc1 Ra2+ 39.Rf2 Ra1 40.Bd2 Rb1 41.
Bxb4 Rxb3 42.Bd2 Rd3 43.Kf1 g4 44.h4 Nf8 45.Ke2 Rb3 46.Rf1 Nd7 47.Ra1 Rb6 
48.Ra8 Nf6 49.Rd8 Ra6 50.Rb8 Nh5 51.Be1 Nf6 52.Rb5 Kh6 53.Ba5 Kg6 54.Kf2 
Rc6 55.Rc5 Ra6 56.Bc7 Ra2+ 57.Ke1 Ra1+ 58.Kd2 Ra2+ 59.Kc1 Ra1+ 60.Kb2 Re1 
61.Bf4 Rg1 62.Rc6 Kf7 63.Be5 Nh5 64.Rc7+ Ke8 1/2-1/2

[Event "R1 CEIT4-Vic"]
[Site "CEIT"]
[Date "2005.04.03"]
[Round "7.4"]
[White "Thimognier, Victor"]
[Black "Chevalier, Pierre"]
[Result "1-0"]
[WhiteElo "1540"]
[BlackElo "1300"]
[EventDate "2005.??.??"]
[PlyCount "93"]

1.d4 d5 2.c4 e6 3.Nc3 Nf6 4.Nf3 Nbd7 5.Bg5 Be7 6.e3 O-O 7.Bd3 c5 8.cxd5 
exd5 9.O-O cxd4 10.Nxd4 Ne5 11.Nf5 Bxf5 12.Bxf5 Re8 13.Bxf6 Bxf6 14.Qxd5 
Qxd5 15.Nxd5 Bd8 16.Rac1 Nc6 17.f4 Ba5 18.Bd7 Bd2 19.Bxe8 Bxc1 20.Bxc6 
Bxe3+ 21.Nxe3 bxc6 22.Rc1 Rc8 23.Nd5 Kf8 24.Kf2 Ke8 25.Ke3 Kd7 26.Nb4 c5 
27.Nd3 Kd6 28.b4 Re8+ 29.Kd2 Kd5 30.Rxc5+ Kd4 31.Re5 Rd8 32.Nb2 f6 33.Re7 
Kd5 34.Rxa7 Ke4+ 35.Ke2 Rc8 36.Kd2 {37.Rxg7 Rd8+ 38.Kc3 Rc8+ 39.Kb3 Re8 
40.g3 Kf3 41.b5 Re3+ 42.Kb4 Re2 43.Nc4 Rxa2 44.b6 Ra8 45.b7 Rb8 46.Na5 Kg2
47.Nc6} 1-0

[Event "R1 CEIT4-Vic"]
[Site "CEIT"]
[Date "2005.04.03"]
[Round "7.3"]
[White "Lenoir, Patrice"]
[Black "Labat, Jory"]
[Result "1/2-1/2"]
[WhiteElo "1470"]
[BlackElo "1650"]
[EventDate "2005.??.??"]
[PlyCount "45"]

1.Nf3 d5 2.g3 Nf6 3.Bg2 e6 4.O-O c5 5.d3 Nc6 6.c3 Bd6 7.Nbd2 O-O 8.e4 b6 
9.Re1 Qc7 10.Qc2 d4 11.Nc4 e5 12.Nxd6 Qxd6 13.c4 Bd7 14.a3 a6 15.Bd2 b5 
16.b3 Rfb8 17.Reb1 Ne8 18.Nh4 bxc4 19.bxc4 Qc7 20.Rxb8 Rxb8 21.Rb1 Nd6 22.
f4 f6 23.f5 1/2-1/2

[Event "R1 CEIT4-Vic"]
[Site "CEIT"]
[Date "2005.04.03"]
[Round "7.2"]
[White "Grelier, Gilles"]
[Black "Laffont, Jean-Christophe"]
[Result "1-0"]
[WhiteElo "1950"]
[BlackElo "1530"]
[EventDate "2005.??.??"]
[PlyCount "41"]

1.d4 d5 2.c4 e6 3.cxd5 exd5 4.Nc3 Nf6 5.Bg5 Nbd7 6.e3 c6 7.Bd3 Bd6 8.Nge2 
O-O 9.Qc2 h6 10.Bh4 a6 11.g4 g5 12.Bg3 Qc7 13.h4 Kg7 14.hxg5 hxg5 15.Bxd6 
Qxd6 16.Ng3 Qc7 17.Nf5+ Kg8 18.f4 gxf4 19.Qh2 Nh5 20.Qxh5 f6 21.Qh7# 1-0

[Event "R1 CEIT4-Vic"]
[Site "CEIT"]
[Date "2005.04.03"]
[Round "7.1"]
[White "Tovar gonzales, Jesus"]
[Black "Giraut, Laurent"]
[Result "0-1"]
[WhiteElo "1570"]
[BlackElo "1880"]
[EventDate "2005.??.??"]
[PlyCount "84"]

1.e4 c5 2.Nf3 Nc6 3.d4 cxd4 4.Nxd4 Nf6 5.Nc3 e5 6.Nf3 Bb4 7.Bg5 Bxc3+ 8.
bxc3 Qa5 9.Bxf6 Qxc3+ 10.Nd2 gxf6 11.Bc4 h5 12.O-O Nd4 13.Rc1 d6 14.h3 
Bxh3 15.Re1 Bd7 16.Re3 Qa5 17.Rg3 Ke7 18.c3 Ne6 19.Bb3 h4 20.Rd3 Qc7 21.
Nc4 Nf4 22.Rxd6 b5 23.Rd2 bxc4 24.Bxc4 Be6 25.Bxe6 fxe6 26.Qa4 Rad8 27.
Qb4+ Kf7 28.Rcd1 Rxd2 29.Rxd2 Rg8 30.f3 Qb6+ 31.Qxb6 axb6 32.Kf1 Ke7 33.
Rb2 Ra8 34.Kf2 Nd3+ 35.Ke3 Nxb2 36.f4 exf4+ 37.Kxf4 Rxa2 38.g4 Nd3+ 39.Kf3
Ne5+ 40.Kf4 Rf2+ 41.Ke3 Rf3+ 42.Ke2 h3 0-1

[Event "R1 Albi-CEIT5"]
[Site "Albi"]
[Date "2005.04.03"]
[Round "7"]
[White "Riquet, Didier"]
[Black "Lambolez, Pierre Yves"]
[Result "0-1"]
[WhiteElo "1499"]
[BlackElo "1430"]
[EventDate "2005.??.??"]
[PlyCount "72"]

1.e4 e6 2.d4 d5 3.e5 c5 4.Nf3 Qb6 5.Nc3 Nc6 6.Bb5 Bd7 7.Bxc6 Bxc6 8.O-O g6
9.b3 Bg7 10.Re1 Ne7 11.Bg5 Nf5 12.Bf6 Bxf6 13.exf6 Nxd4 14.Nxd4 cxd4 15.
Na4 Bxa4 16.bxa4 a6 17.Qd2 O-O-O 18.Rab1 Qc5 19.Rec1 Qc3 20.Qe2 Rd7 21.h3 
Rhd8 22.Rb3 Qc4 23.Qg4 Rc7 24.a5 Rdd7 25.h4 Qa4 26.Rb2 Rc4 27.Qg5 Rb4 28.
Rb3 Rc7 29.Qh6 Kb8 30.Qxh7 Ka7 31.Qg8 Rbc4 32.Qd8 Qxa5 33.Rcb1 b5 34.Rd3 
Rxc2 35.Rbb3 Rxa2 36.Rxd4 Rc1+ 0-1

[Event "R1 Albi-CEIT5"]
[Site "Albi"]
[Date "2005.04.03"]
[Round "7"]
[White "Landes, René"]
[Black "Reyna, Quentin"]
[Result "1/2-1/2"]
[WhiteElo "1670"]
[BlackElo "1490"]
[EventDate "2005.??.??"]
[PlyCount "81"]

1.e4 a6 2.d4 b5 3.Nf3 Bb7 4.Bd3 Nf6 5.Qe2 c5 6.dxc5 Nc6 7.c3 b4 8.a3 bxc3 
9.Nxc3 e5 10.b4 d6 11.cxd6 Bxd6 12.O-O O-O 13.Bg5 Nd4 14.Nxd4 exd4 15.Nd5 
Bxd5 16.exd5 Re8 17.Qd2 Re5 18.Bxf6 Qxf6 19.g3 Qf3 20.Qc2 g6 21.Rae1 Rae8 
22.Rxe5 Rxe5 23.Bxa6 Qxa3 24.Bb7 d3 25.Qc8+ Kg7 26.b5 d2 27.Qg4 Re1 28.
Qd4+ Be5 29.Qxd2 Re4 30.Rd1 Bd6 31.Qd3 Qxd3 32.Rxd3 Re1+ 33.Kg2 Rb1 34.Bc6
Rb2 35.Rc3 f5 36.h4 h6 37.Bd7 Re2 38.Rb3 Bc5 39.Rf3 Rd2 40.Bc6 Kf6 41.g4 
1/2-1/2

[Event "R1 Albi-CEIT5"]
[Site "Albi"]
[Date "2005.04.03"]
[Round "7"]
[White "Krasnobroda, Maurice"]
[Black "Espineira, José"]
[Result "1/2-1/2"]
[WhiteElo "1499"]
[BlackElo "1490"]
[EventDate "2005.??.??"]
[PlyCount "87"]

1.e4 d6 2.Nf3 g6 3.Bc4 Nf6 4.Nc3 Bg7 5.h3 c5 6.O-O Nc6 7.d3 O-O 8.Be3 Na5 
9.a3 Nxc4 10.dxc4 b6 11.Rb1 Ba6 12.b3 Ne8 13.Qd2 Nc7 14.Bh6 b5 15.Bxg7 
Kxg7 16.cxb5 Nxb5 17.Nxb5 Bxb5 18.Rfe1 Bc6 19.Qc3+ Kg8 20.b4 Ba4 21.b5 a6 
22.bxa6 Rxa6 23.Re2 Qa5 24.Qxa5 Rxa5 25.c3 Bb5 26.Ra2 Bd3 27.Re1 Rfa8 28.
Re3 Bc4 29.Ra1 Rxa3 30.Rxa3 Rxa3 31.Nd2 Ba6 32.g4 Kg7 33.Kg2 Kf6 34.Kg3 
Ra2 35.Nf3 Re2 36.Rxe2 Bxe2 37.g5+ Ke6 38.h4 d5 39.exd5+ Kxd5 40.Nd2 e5 
41.f3 Bd3 42.Kf2 Ke6 43.Ke3 c4 44.Ne4 1/2-1/2

[Event "R1 Albi-CEIT5"]
[Site "Albi"]
[Date "2005.04.03"]
[Round "7"]
[White "Homere, Cédric"]
[Black "Lafforgue, Jean Michel"]
[Result "0-1"]
[WhiteElo "1530"]
[BlackElo "1740"]
[EventDate "2005.??.??"]
[PlyCount "118"]

1.c4 Nf6 2.Nc3 e6 3.g3 c6 4.e4 d6 5.d3 Nbd7 6.Bg2 Qc7 7.Nge2 Be7 8.Bd2 Nc5
9.O-O Nxd3 10.Qc2 Nc5 11.b4 Ncd7 12.f4 Qb6+ 13.Kh1 h5 14.a3 h4 15.Rf3 Qc7 
16.f5 Ne5 17.Rff1 Nxc4 18.Qa2 Nxd2 19.Qxd2 hxg3 20.Nxg3 Bd7 21.Rae1 O-O-O 
22.Qd1 Rde8 23.Rf2 exf5 24.exf5 d5 25.Kg1 Kb8 26.Na4 Bd6 27.Rxe8+ Rxe8 28.
Nf1 Ne4 29.Bxe4 Rxe4 30.Qh5 g6 31.fxg6 fxg6 32.Qh8+ Re8 33.Qh7 Bf5 34.
Qxc7+ Kxc7 35.Ng3 Bxg3 36.hxg3 b6 37.Nb2 Kd6 38.Rh2 Re3 39.a4 Rxg3+ 40.Kf2
Rb3 41.Nd1 Rxb4 42.Ne3 Rb2+ 43.Kg3 Rxh2 44.Kxh2 Ke5 45.Kg3 Ke4 46.Nc2 a5 
47.Ne1 d4 48.Kf2 c5 49.Ke2 c4 50.Kd1 Bd7 51.Kc1 Bxa4 52.Ng2 g5 53.Ne1 c3 
54.Ng2 d3 55.Ne1 d2+ 56.Kb1 d1=Q+ 57.Ka2 Qd2+ 58.Ka3 Qb2+ 59.Kxa4 Qb4# 0-1

[Event "R1 Albi-CEIT5"]
[Site "Albi"]
[Date "2005.04.03"]
[Round "7"]
[White "Granberg, Edwin"]
[Black "Muneret, Maurice"]
[Result "1-0"]
[WhiteElo "1600"]
[BlackElo "1760"]
[EventDate "2005.??.??"]
[PlyCount "51"]

1.b4 Nf6 2.Bb2 d6 3.e3 e5 4.h3 a6 5.a3 Nc6 6.Bc4 b5 7.Bb3 Bb7 8.Nf3 h6 9.
d3 Be7 10.O-O O-O 11.Nbd2 a5 12.c3 Nb8 13.Nh4 d5 14.Nf5 c5 15.Nxe7+ Qxe7 
16.bxc5 Qxc5 17.d4 exd4 18.cxd4 Qd6 19.Qf3 Nbd7 20.Rfc1 Rfc8 21.Rc2 a4 22.
Rxc8+ Rxc8 23.Bd1 Nb6 24.Qf5 Nc4 25.Nxc4 Rxc4 26.Be2 1-0

[Event "R1 Albi-CEIT5"]
[Site "Albi"]
[Date "2005.04.03"]
[Round "7"]
[White "Benayoun, David"]
[Black "Aurejac, Pierre"]
[Result "1/2-1/2"]
[WhiteElo "1600"]
[BlackElo "1490"]
[EventDate "2005.??.??"]
[PlyCount "138"]

1.e4 c6 2.Nc3 d5 3.d4 dxe4 4.Nxe4 Bf5 5.Ng3 Bg6 6.Nf3 h6 7.Bd3 Bxd3 8.Qxd3
Nf6 9.O-O e6 10.b3 Nbd7 11.Bb2 Qc7 12.c4 O-O-O 13.Rfe1 Rg8 14.c5 Nxc5 15.
Qc2 Na6 16.Ne5 Nb4 17.Qe2 Nbd5 18.Bc1 Bb4 19.a3 Bxe1 20.Qxe1 g5 21.b4 a6 
22.Bb2 h5 23.Ne4 Nxe4 24.Qxe4 f6 25.Nd3 Rde8 26.Rc1 Qg7 27.Nc5 Qg6 28.Qe2 
f5 29.Nxa6 e5 30.dxe5 bxa6 31.Qxa6+ Kd7 32.Qb7+ Nc7 33.Rd1+ Ke7 34.Qxc7+ 
Kf8 35.Qd6+ Kf7 36.Qxg6+ Rxg6 37.Kf1 Ke7 38.a4 Rd8 39.Rxd8 Kxd8 40.a5 Kc7 
41.Ke2 Kb7 42.Ke3 Ka6 43.Bd4 Kb5 44.Bc5 h4 45.Kf3 Re6 46.Bd6 c5 47.bxc5 
Kxa5 48.c6 Kb6 49.c7 Kb7 50.g4 fxg4+ 51.Kxg4 Rg6 52.Kf5 Rg8 53.f3 Kc6 54.
Be7 Kxc7 55.Bxg5 h3 56.f4 Kd7 57.Kg4 Ke6 58.Kxh3 Kf5 59.Kg3 Rxg5+ 60.fxg5 
Kxg5 61.h4+ Kf5 62.h5 Kxe5 63.Kg4 Kf6 64.Kf4 Kg7 65.Kg5 Kh7 66.h6 Kh8 67.
Kg6 Kg8 68.Kf6 Kh7 69.Kg5 Kh8 1/2-1/2

[Event "N4-R7- Tarbes / Loures-Barousse"]
[Site "MyTown"]
[Date "2005.04.03"]
[Round "?"]
[White "Ribou, Jacques"]
[Black "Lacomme, Christophe"]
[Result "0-1"]
[WhiteElo "1870"]
[BlackElo "1940"]
[EventDate "2005.??.??"]
[Annotator ",----"]
[PlyCount "88"]

1.e4 d5 2.exd5 Qxd5 3.Nc3 Qa5 4.Bc4 Bf5 5.d3 e6 6.Ne2 c6 7.Bd2 Nd7 8.O-O 
Be7 9.Ng3 Bg6 10.Qe2 Qc7 11.Rae1 O-O-O 12.a3 Ngf6 13.b4 a6 14.Nge4 Nd5 15.
Bxd5 exd5 16.Ng5 Bd6 17.h3 Nf6 18.Qd1 Rhe8 19.Rxe8 Rxe8 20.Re1 Rxe1+ 21.
Qxe1 Qe7 22.Qxe7 Bxe7 23.Nf3 Bd6 24.Ne2 Nd7 25.Bf4 Kc7 26.Bxd6+ Kxd6 27.
Nf4 Ne5 28.Nxe5 Kxe5 29.Nxg6+ hxg6 30.c3 b5 31.g3 d4 32.f4+ Kd5 33.Kf2 
dxc3 34.Ke3 c5 35.g4 cxb4 36.axb4 a5 37.bxa5 b4 38.d4 Kc6 39.h4 Kb5 40.Kd3
Kxa5 41.Kc2 Kb5 42.g5 Kc4 43.f5 Kxd4 44.h5 gxh5 0-1